| 000 | 01084nac a22003131i 4500 | ||
|---|---|---|---|
| 003 | EG-ScBUE | ||
| 005 | 20241112093951.0 | ||
| 008 | 241112t2004 njua f 001 0 eng d | ||
| 020 | _a0131911783 (pbk.) | ||
| 020 | _a9780131911789 | ||
| 040 |
_aEG-ScBUE _beng _erda _cEG-ScBUE _dEG-ScBUE |
||
| 082 | 0 | 4 |
_a519.40285 _bMAT _222 |
| 100 | 1 |
_aMathews, John H., _eauthor. |
|
| 245 | 1 | 0 |
_aNumerical methods using MATLAB / _cJohn H. Mathews, California State University, Fullerton, Kurtis D. Fink, Northwest Missouri State University. |
| 250 | _aFourth edition. | ||
| 250 | _aInternational edition. | ||
| 264 | 1 |
_aUpper Saddle River, N.J. : _bPearson Prentice Hall, _c[2004] |
|
| 264 | 4 | _cc2004 | |
| 300 |
_aix, 680 pages : _billustrations ; _c24 cm |
||
| 336 |
_2rdacontent _atext _btxt |
||
| 337 |
_aunmediated _2rdamedia _bn |
||
| 338 |
_avolume _bnc _2rdacarrier |
||
| 500 | _aIncludes index. | ||
| 630 | 0 | 7 |
_aMATLAB. _2BUEsh |
| 650 | 7 |
_aNumerical analysis _xData processing. _2BUEsh |
|
| 655 | _vReading book | ||
| 700 | 1 |
_aFink, Kurtis D., _eauthor. |
|
| 942 |
_cBB _2ddc |
||
| 999 |
_c1324 _d1324 |
||